Marvel Alter Egos - Statistics

General Stats
  • This quiz has been taken 22 times
    2 since last reset
  • The average score is 82 of 206
Answer Stats
Real Name Alter Ego % Correct
Flash Thompson Agent Venom
100%
Hank Pym Ant-Man
100%
Scott Lang Ant-Man
100%
Felicia Hardy Black Cat
100%
T'Challa Black Panther
100%
Natasha Romanoff Black Widow
100%
Steve Rogers Captain America
100%
Carol Danvers Captain Marvel
100%
Cletus Kasady Carnage
100%
Matt Murdock Daredevil
100%
Wade Wilson Deadpool
100%
Stephen Strange Doctor Strange
100%
Victor Von Doom Dr. Doom
100%
Otto Octavius Dr. Octopus
100%
Max Dillon Electro
100%
Sam Wilson Falcon | Captain America
100%
Johnny Blaze Ghost Rider
100%
Norman Osborn Green Goblin
100%
Clint Barton Hawkeye
100%
Bruce Banner Hulk
100%
Johnny Storm Human Torch
100%
Sue Storm Invisible Woman
100%
Tony Stark Iron Man
100%
Wilson Fisk Kingpin
100%
Curt Connors Lizard
100%
Cassandra Webb Madame Web
100%
Reed Richards Mr. Fantastic
100%
Quentin Beck Mysterio
100%
Charles Xavier Professor X
100%
Aaron Davis Prowler
100%
Pietro Maximoff Quicksilver
100%
Flint Marko Sandman
100%
Wanda Maximoff Scarlet Witch
100%
Jennifer Walters She-Hulk
100%
Gwen Stacy Spider-Gwen
100%
Peter Parker Spider-Man
100%
Miles Morales Spider-Man
100%
Peter Quill Star-Lord
100%
Frank Castle The Punisher
100%
Ben Grimm The Thing
100%
John Walker U.S. Agent
100%
Eddie Brock Venom
100%
James Rhodes War Machine
100%
Bucky Barnes Winter Soldier
100%
Emil Blonsky Abomination
50%
Carl Creel Absorbing Man
50%
Warren Washington III Angel
50%
Sean Cassidy Banshee
50%
Georges Batroc Batroc
50%
Hank McCoy Beast
50%
Blackagar Boltagon Black Bolt
50%
Dane Whitman Black Knight
50%
Frederick Dukes Blob
50%
Nathan Summers Cable
50%
Sam Guthrie Cannonball
50%
Brian Braddock Captain Britain
50%
Tyrone Johnson Cloak
50%
Piotr Nikolayevich Rasputin Colossus
50%
Scott Summers Cyclops
50%
Tandy Bowen Dagger
50%
Alison Blaire Dazzler
50%
Anthony Ludgate Druid Doctor Druid
50%
Elektra Natchios Elektra
50%
Angelica Jones Firestar
50%
Remy LeBeau Gambit
50%
Alex Summers Havok
50%
Patricia Walker Hellcat
50%
Bobby Drake Iceman
50%
Danny Rand Iron Fist
50%
Riri Williams Ironheart
50%
Jubilation Lee Jubilee
50%
Cain Marko Juggernaut
50%
Ulysses Klaw Klaw
50%
Sergei Nikolaevich Kravinoff Kraven
50%
Yuriko Oyama Lady Deathstrike
50%
Illyana Rasputina Magik
50%
Erik Lehnsherr Magneto
50%
Barbara Morse Mockingbird
50%
Marc Spector Moon Knight
50%
Danielle Moonstar Moonstar
50%
Michael Morbius Morbius
50%
Martin Li Mr. Negative
50%
Kamala Khan Ms. Marvel
50%
Raven Darkholme Mystique
50%
Kurg Wagner Nightcrawler
50%
Jean-Paul Beaubier Northstar
50%
Arkady Rossovich Omega Red
50%
Jean Grey Phoenix
50%
Betsy Braddock Psylocke
50%
Wendell Vaughn Quasar
50%
Alexei Shostakov Red Guardian
50%
Thunderbolt Ross Red Hulk
50%
Johann Schmidt Red Skull
50%
Anna Marie Rogue
50%
Victor Creed Sabretooth
50%
Mac Gargan Scorpion
50%
Kitty Pryde Shadowcat
50%
Cindy Moon Silk
50%
Silver Sablinova Silver Sable
50%
Norinn Radd Silver Surfer
50%
Miguel O'Hara Spider-Man 2099
50%
Hobie Brown Spider-Punk
50%
Jessica Drew Spider-Woman
50%
Ororo Monroe Storm
50%
Roberto da Costa Sunspot
50%
John Proudstar Thunderbird
50%
Mortimer Toynbee Toad
50%
Lonnie Lincoln Tombstone
50%
Adrian Toomes Vulture
50%
James Proudstar Warpath
50%
Janet Van Dyne Wasp
50%
Ivan Vanko Whiplash
50%
Rahne Sinclair Wolfsbane
50%
James Howlett Wolverine
50%
Simon Williams Wonder Man
50%
Yuri Watanabe Wraith
50%
Laura Kinney X-23
50%
Nate Grey X Man
50%
Kuan-Yin Xorn Xorn
50%
Sharon Carter Agent 13
0%
En Sabah Nur Apocalypse
0%
Erik Josten Atlas
0%
Dominikos Petrakis Avalanche
0%
Lemar Hoskins Battlestar
0%
Eric Brooks Blade
0%
Clarice Ferguson Blink
0%
Fred Myers Boomerang
0%
Henry Camp Bulldozer
0%
Lester Bullseye
0%
Frank Payne Constrictor
0%
Anton Vanko Crimson Dynamo
0%
Brock Rumlow Crossbones
0%
Crystalia Amaquelin Crystal
0%
Chris Powell Darkhawk
0%
Neena Thurman Domino
0%
Maya Lopez Echo
0%
Amora Enchantress
0%
Bonita Juarez Firebird
0%
Paul Norbert Ebersol Fixer
0%
Karl Morgenthau Flag Smasher
0%
Ava Starr Ghost
0%
Paul Duval Grey Gargoyle
0%
Eric Williams Grim Reaper
0%
Joseph Hammerhead
0%
Herbert Edgar Wyndham High Evolutionary
0%
Rodrick Kingsley Hobgoblin
0%
Morris Bench Hydro Man
0%
Jack Hart Jack of Hearts
0%
Vance Astrovik Justice
0%
Nathaniel Richards Kang the Conqueror
0%
Regan Wyngarde Lady Mastermind
0%
Samuel Sterns Leader
0%
Heather Cameron Lifeguard
0%
Kelsey Leigh Grammer Lionheart
0%
Miguel Santos Living Lightning
0%
Aaron Stack Machine Man
0%
Whitney Frost Madame Masque
0%
Eden Fesi Manifold
0%
George Tarleton M.O.D.O.K.
0%
Harvey Rupert Elder Mole Man
0%
Mark Raxton Molten Man
0%
Heather Douglas Moondragon
0%
Karla Stofen Moonstone
0%
Kevin Sydney Morph
0%
Calvin Zabo Mr. Hyde
0%
Nathaniel Essex Mr Sinister
0%
Richard Rider Nova
0%
Brian Philip Calusky Piledriver
0%
Megan Gwynn Pixie
0%
St. John Allerdyce Pyro
0%
Daisy Johnson Quake
0%
Chen Lu Radioactive Man
0%
Elvin Daryl Haliday Rage
0%
Pepper Potts Rescue
0%
Aleksei Sytsevich Rhino
0%
Ben Reilly Scarlet Spider
0%
Donna Diego Scream
0%
Robert Reynolds Sentry
0%
Gaveedra-Seven Shatterstar
0%
Herman Schultz Shocker
0%
Maria de Guadalupe Santiago Silverclaw
0%
Keniuchio Harada Silver Samurai
0%
Sinthea Schmidt Sin
0%
Davis Cameron Slipstream
0%
Isabel Kane Smasher
0%
Margo Kess Spider-Byte
0%
Cassie Lang Stinger
0%
Walter Newell Stingray
0%
Kl'rt Super Skrull
0%
Jacques Duquesne Swordsman
0%
Tony Masters Taskmaster
0%
Parker Robbins The Hood
0%
Eliot Franklin Thunderball
0%
Eric Masterson Thunderstrike
0%
Todd Arliss Tiger Shark
0%
Greer Grant Nelson Tigra
0%
Phineas Mason Tinkerer
0%
Mary MacPherran Titania
0%
Mathew Hawk Two Gun Kid
0%
Mary Walker Typhoid Mary
0%
Ophelia Sarkissian Viper
0%
David Cannon Whirlwind
0%
Hector Ayala White Tiger
0%
Bentley Wittman Wizard
0%
Dirk Garthwaite Wrecker
0%
Darren Cross Yellowjacket
0%
No matching quizzes found
Score Distribution
Percent of People with Each Score
Percentile by Number Answered
Your Score History
You have not taken this quiz since the last reset